[Event "Skolkovo Russian Rapid GP"]
[Site "Skolkovo"]
[Date "2019.09.21"]
[Round "1"]
[White "Kornilovich, Dmitry"]
[Black "Savchenko, Boris"]
[Result "0-1"]
[WhiteElo "2181"]
[BlackElo "2581"]
[PlyCount "114"]
[EventDate "2019.09.21"]
[EventType "swiss (rapid)"]
[EventRounds "11"]
[EventCountry "RUS"]
[SourceTitle "EXT 2020"]
[Source "ChessBase"]
[SourceDate "2019.10.17"]
[SourceVersion "1"]
[SourceVersionDate "2019.10.17"]
[SourceQuality "1"]

1. e4 e6 2. d4 d5 3. Nc3 Bb4 4. e5 c5 5. a3 Bxc3+ 6. bxc3 Qa5 7. Bd2 Qa4 8. Qg4 Kf8 9. h4 Nc6 10. Nf3 Nge7 11. h5 h6 12. Be2 b6 13. 0-0 Ba6 14. Bxa6 Qxa6 15. a4 Qc4 16. Qf4 Kg8 17. g4 Rf8 18. Qe3 f5 19. exf6 Rxf6 20. Kg2 g5 21. Qd3 Qxd3 22. cxd3 cxd4 23. cxd4 Kg7 24. Be3 Rc8 25. Rfc1 Rff8 26. Bd2 Rc7 27. a5 bxa5 28. Bxa5 Rb7 29. Re1 Kf7 30. Ra2 Rfb8 31. Bd2 Rb1 32. Rxb1 Rxb1 33. Bxg5 hxg5 34. Nxg5+ Kf6 35. Nh7+ Kg7 36. Ng5 a5 37. Nxe6+ Kf6 38. Re2 a4 39. f4 a3 40. Kg3 a2 41. g5+ Kf7 42. Nd8+ Nxd8 43. Rxa2 Ndc6 44. Ra6 Kg7 45. h6+ Kg6 46. Kg4 Rg1+ 47. Kf3 Kf5 48. Ra8 Ng6 49. Ra6 Nxd4+ 50. Kf2 Rh1 51. Rf6+ Kg4 52. Rxg6 Rh2+ 53. Ke1 Kxf4 54. Rd6 Ke3 55. Kf1 Nf3 56. Re6+ Kf4 57. g6 Kg3 0-1

[Event "Sochi Amateur op 6th"]
[Site "Sochi"]
[Date "2019.04.07"]
[Round "1"]
[White "Kabirayev, Serikbay"]
[Black "Kornilovich, Dmitry"]
[Result "0-1"]
[WhiteElo "1640"]
[BlackElo "2133"]
[PlyCount "66"]
[EventDate "2019.04.07"]
[EventType "swiss"]
[EventRounds "9"]
[EventCountry "RUS"]
[SourceTitle "CBM 189 Extra"]
[Source "ChessBase"]
[SourceDate "2019.05.31"]
[SourceVersion "1"]
[SourceVersionDate "2019.05.31"]
[SourceQuality "1"]

1. d4 Nf6 2. c4 g6 3. Nc3 Bg7 4. Nf3 0-0 5. e4 d6 6. Be2 e5 7. d5 a5 8. 0-0 Na6 9. Bg5 h6 10. Be3 Ng4 11. Bd2 f5 12. exf5 gxf5 13. h3 Nf6 14. Nh2 f4 15. Ng4 Bf5 16. Nxf6+ Qxf6 17. f3 Nc5 18. Be1 Qg6 19. Kh1 Bf6 20. Rg1 Qh5 21. Kh2 Kh8 22. Ne4 Be7 23. Nxc5 dxc5 24. Bd3 Bd7 25. Qe2 Rf7 26. Bc3 Bf6 27. Rae1 Re8 28. Rd1 Rg7 29. Be1 Reg8 30. Rd2 Bxh3 31. gxh3 Rxg1 32. Qe4 R8g7 33. Re2 Qg5 0-1

[Event "Moscow-ch rapid"]
[Site "Moscow"]
[Date "2018.12.09"]
[Round "9"]
[White "Kornilovich, Dmitry"]
[Black "Chudinovskikh, Alexander M"]
[Result "1/2-1/2"]
[WhiteElo "2133"]
[BlackElo "2184"]
[PlyCount "114"]
[EventDate "2018.12.08"]
[EventType "swiss (rapid)"]
[EventRounds "11"]
[EventCountry "RUS"]
[SourceTitle "CBM 187 Extra"]
[Source "ChessBase"]
[SourceDate "2018.11.04"]
[SourceVersion "1"]
[SourceVersionDate "2018.11.04"]
[SourceQuality "1"]

1. e4 e5 2. Nf3 Nc6 3. Bc4 Nf6 4. d3 Be7 5. c3 0-0 6. Bb3 d5 7. Nbd2 b6 8. 0-0 Ba6 9. Re1 Bxd3 10. exd5 Nxd5 11. Nxe5 Nxe5 12. Rxe5 c6 13. Nf3 Nf6 14. Rxe7 Qxe7 15. Qxd3 Rad8 16. Qf5 Qe2 17. Qc2 Rfe8 18. Qxe2 Rxe2 19. Kf1 Rde8 20. Bc4 R2e4 21. Bd3 R4e6 22. Bg5 Ne4 23. Be3 c5 24. Rd1 h6 25. Bb5 R8e7 26. Rd8+ Kh7 27. Bc4 Rd6 28. Rxd6 Nxd6 29. Bd5 g5 30. g4 f5 31. h3 Kg6 32. gxf5+ Nxf5 33. Ke2 h5 34. Nh2 Nxe3 35. fxe3 Kf5 36. Kf3 Ke5 37. c4 Re8 38. Kg3 Kd6 39. Nf1 b5 40. b3 b4 41. Bf3 Rf8 42. Nd2 Ke5 43. Ne4 Rxf3+ 44. Kxf3 g4+ 45. hxg4 hxg4+ 46. Kxg4 Kxe4 47. Kg5 Kxe3 48. Kf5 Kd4 49. Ke6 a5 50. Kd6 a4 51. bxa4 Kxc4 52. a5 Kb5 53. a6 Kxa6 54. Kxc5 Ka5 55. Kc4 Ka4 56. Kc5 b3 57. axb3+ Kxb3 1/2-1/2

[Event "Moscow-ch rapid"]
[Site "Moscow"]
[Date "2018.12.09"]
[Round "10"]
[White "Matyunin, Maxim"]
[Black "Kornilovich, Dmitry"]
[Result "0-1"]
[WhiteElo "2218"]
[BlackElo "2133"]
[PlyCount "126"]
[EventDate "2018.12.08"]
[EventType "swiss (rapid)"]
[EventRounds "11"]
[EventCountry "RUS"]
[SourceTitle "CBM 187 Extra"]
[Source "ChessBase"]
[SourceDate "2018.11.04"]
[SourceVersion "1"]
[SourceVersionDate "2018.11.04"]
[SourceQuality "1"]

1. d4 Nf6 2. Nf3 g6 3. c4 Bg7 4. Nc3 0-0 5. Bg5 h6 6. Bh4 d6 7. e3 Nc6 8. Be2 g5 9. Bg3 Bf5 10. 0-0 Nh5 11. d5 Nb8 12. Nxg5 Nxg3 13. fxg3 Bg6 14. Nf3 e6 15. Nh4 Qg5 16. Qd2 Bh7 17. dxe6 fxe6 18. Rxf8+ Bxf8 19. Bf3 Nc6 20. Be4 Bxe4 21. Nxe4 Qe5 22. Qd3 Nb4 23. Qb1 Bg7 24. Ng6 Qh5 25. Nf4 Qf5 26. a3 Nc6 27. Nf2 Qf7 28. Qe4 Re8 29. Rf1 Ne5 30. N2d3 Nxd3 31. Nxd3 Qh5 32. Qxb7 d5 33. Qc6 dxc4 34. g4 Qg6 35. Nf4 Qf7 36. Nh5 Qe7 37. Qxc4 Bxb2 38. Qe4 Qh7 39. Qb4 Bh8 40. Qb5 Rd8 41. Qc6 Qe7 42. Qe4 Bg7 43. Nf4 e5 44. Qc4+ Kh7 45. Nh5 Rf8 46. Rc1 Rf7 47. h3 Bh8 48. Qe4+ Kg8 49. Rc6 Bg7 50. Rg6 Qxa3 51. Qxe5 Qe7 52. Qd5 Kh7 53. Re6 Qg5 54. Qe4+ Kg8 55. Nxg7 Kxg7 56. Qd4+ Kh7 57. Qe4+ Kg7 58. Re5 Qh4 59. Qd4 Qf2+ 60. Kh2 Qf6 61. Qe4 Qd6 62. Kg1 Qd1+ 63. Kh2 Qd6 0-1

[Event "Moscow-ch rapid"]
[Site "Moscow"]
[Date "2018.12.08"]
[Round "5"]
[White "Kornilovich, Dmitry"]
[Black "Dragomarezkij, Evgeni"]
[Result "0-1"]
[WhiteElo "2133"]
[BlackElo "2385"]
[PlyCount "106"]
[EventDate "2018.12.08"]
[EventType "swiss (rapid)"]
[EventRounds "11"]
[EventCountry "RUS"]
[SourceTitle "CBM 187 Extra"]
[Source "ChessBase"]
[SourceDate "2018.11.04"]
[SourceVersion "1"]
[SourceVersionDate "2018.11.04"]
[SourceQuality "1"]

1. e4 c5 2. Nf3 e6 3. b3 Nc6 4. Bb2 a6 5. e5 g6 6. g3 Bg7 7. Bg2 Nh6 8. 0-0 Ng4 9. d4 cxd4 10. Nxd4 Ngxe5 11. f4 0-0 12. fxe5 Nxe5 13. Kh1 d5 14. Nf3 Nc6 15. Bxg7 Kxg7 16. c4 dxc4 17. bxc4 e5 18. Nc3 Be6 19. Nd5 b5 20. cxb5 axb5 21. Nc3 b4 22. Ne4 Qxd1 23. Rfxd1 Bxa2 24. Nc5 b3 25. Nxe5 b2 26. Nxc6 bxa1Q 27. Rxa1 Bd5 28. Rxa8 Bxg2+ 29. Kxg2 Rxa8 30. Nd4 Ra2+ 31. Kf3 Rxh2 32. Ne2 Rh1 33. Ne4 Rf1+ 34. Kg2 Ra1 35. Kf3 f5 36. Nc5 Ra3+ 37. Kf2 Ra2 38. Kf3 Rc2 39. Nd7 Rc7 40. Nb6 Rc5 41. Nf4 Rc3+ 42. Kf2 Rb3 43. Nd7 Ra3 44. Kg2 Ra7 45. Nc5 Kf6 46. Kf3 Ke5 47. Nce6 Ra3+ 48. Kg2 Kf6 49. Nc7 g5 50. Ne2 Ke5 51. Kf2 Ra5 52. Ne8 Ra7 53. Ng1 g4 0-1

[Event "Moscow-ch rapid"]
[Site "Moscow"]
[Date "2018.12.08"]
[Round "1"]
[White "Kornilovich, Dmitry"]
[Black "Sychev, Klementy"]
[Result "0-1"]
[WhiteElo "2133"]
[BlackElo "2537"]
[PlyCount "58"]
[EventDate "2018.12.08"]
[EventType "swiss (rapid)"]
[EventRounds "11"]
[EventCountry "RUS"]
[SourceTitle "CBM 187 Extra"]
[Source "ChessBase"]
[SourceDate "2018.11.04"]
[SourceVersion "1"]
[SourceVersionDate "2018.11.04"]
[SourceQuality "1"]

1. e4 Nc6 2. d4 d5 3. e5 Bf5 4. c3 e6 5. Ne2 f6 6. f4 Nh6 7. Ng3 fxe5 8. fxe5 Qh4 9. Nd2 Bg4 10. Nf3 Bxf3 11. Qxf3 Be7 12. Bd3 0-0-0 13. Qh5 Rdf8 14. Qxh4 Bxh4 15. Bxh6 gxh6 16. Rf1 Rxf1+ 17. Kxf1 Ne7 18. Kg1 c5 19. dxc5 Nc6 20. Re1 Rg8 21. c4 Bxg3 22. hxg3 Rxg3 23. Bxh7 dxc4 24. Kf2 Rg5 25. Rh1 Nxe5 26. Be4 h5 27. Ke3 Ng4+ 28. Kd4 Nf2 29. Rh2 Rg4 0-1

[Event "Sochi Doroshkevich Amateur op"]
[Site "Sochi"]
[Date "2017.12.23"]
[Round "3"]
[White "Kornilovich, Dmitry"]
[Black "Mesropian, Khachatur"]
[Result "0-1"]
[WhiteElo "2164"]
[BlackElo "1969"]
[PlyCount "94"]
[EventDate "2017.12.21"]
[EventType "swiss"]
[EventRounds "9"]
[EventCountry "RUS"]
[SourceTitle "CBM 182 Extra"]
[Source "ChessBase"]
[SourceDate "2018.02.23"]
[SourceVersion "1"]
[SourceVersionDate "2018.02.23"]
[SourceQuality "1"]

1. e4 c5 2. Nf3 Nc6 3. d4 cxd4 4. Nxd4 Nf6 5. Nc3 e5 6. Ndb5 d6 7. Bg5 a6 8. Na3 b5 9. Bxf6 gxf6 10. Nd5 f5 11. c3 Bg7 12. exf5 Bxf5 13. Nc2 0-0 14. Nce3 Be6 15. Bd3 f5 16. Bc2 Rb8 17. Qh5 e4 18. Nf4 Bc4 19. Nxc4 bxc4 20. Ne6 Qe8 21. Qxe8 Rfxe8 22. Ba4 Rxe6 23. Bxc6 Rxb2 24. 0-0 Re7 25. Rfd1 Be5 26. Bd5+ Kg7 27. Rab1 Rxb1 28. Rxb1 Rc7 29. Rb7 Rxb7 30. Bxb7 a5 31. g4 Kf6 32. gxf5 Kxf5 33. Bd5 Bxc3 34. Bxc4 Ke5 35. Bg8 h6 36. Kf1 d5 37. Ke2 d4 38. f3 d3+ 39. Ke3 exf3 40. Kxd3 Bd4 41. Kd2 Bf2 42. Bf7 Kf4 43. Bd5 Bg1 44. h4 h5 45. Ke1 Be3 46. a4 Kg3 47. Kf1 Bc5 0-1

[Event "Moscow-ch"]
[Site "Moscow"]
[Date "2017.04.03"]
[Round "3"]
[White "Kornilovich, Dmitry"]
[Black "Makarian, Rudik"]
[Result "0-1"]
[WhiteElo "2202"]
[BlackElo "2207"]
[PlyCount "80"]
[EventDate "2017.04.01"]
[EventType "swiss"]
[EventRounds "9"]
[EventCountry "RUS"]
[SourceTitle "CBM 177 Extra"]
[Source "ChessBase"]
[SourceDate "2017.04.27"]
[SourceVersion "1"]
[SourceVersionDate "2017.04.27"]
[SourceQuality "1"]

1. e4 c5 2. Nf3 e6 3. d4 cxd4 4. Nxd4 a6 5. Nc3 Qc7 6. Be3 Nf6 7. a3 b5 8. f3 Bb7 9. Qd2 Nc6 10. Nb3 Be7 11. Be2 0-0 12. g4 d6 13. g5 Nd7 14. h4 Nb6 15. h5 Ne5 16. Na5 Nbc4 17. Nxc4 Nxc4 18. Bxc4 Qxc4 19. 0-0-0 a5 20. Qd4 Qxd4 21. Rxd4 Bc6 22. Rhd1 Rfd8 23. Ne2 d5 24. e5 b4 25. Rg4 bxa3 26. b3 Be8 27. Kb1 Rab8 28. Ka2 a4 29. Nd4 Rdc8 30. Rg2 Rc3 31. Bc1 axb3+ 32. cxb3 Rc7 33. Rc2 Rbc8 34. Rxc7 Rxc7 35. Bxa3 Ra7 36. Nc2 Bxg5 37. Kb1 f6 38. exf6 gxf6 39. Rh1 e5 40. Bc5 Rc7 0-1